Plan Geomatique du Gouvernement du Quebec (Record no. 119836)

MARC details
000 -LEADER
fixed length control field 00768cam a2200205 4500
001 - CONTROL NUMBER
control field WS114132
008 - FIXED-LENGTH DATA ELEMENTS--GENERAL INFORMATION
fixed length control field 010815n 000 0 eng u
035 ## - SYSTEM CONTROL NUMBER
System control number (Sirsi) u114132
245 ## - TITLE STATEMENT
Title Plan Geomatique du Gouvernement du Quebec
520 ## - SUMMARY, ETC.
Summary, etc. Web site for this Quebec goverment initiative to coordinate the management of the geographic information processing and delivery systems produced and used by 16 government departments and 11 agencies.
650 ## - SUBJECT ADDED ENTRY--TOPICAL TERM
Topical term or geographic name entry element Geomatics
9 (RLIN) 6242
650 ## - SUBJECT ADDED ENTRY--TOPICAL TERM
Topical term or geographic name entry element CANADA
650 ## - SUBJECT ADDED ENTRY--TOPICAL TERM
Topical term or geographic name entry element LAND INFORMATION SYSTEMS
650 ## - SUBJECT ADDED ENTRY--TOPICAL TERM
Topical term or geographic name entry element GEOGRAPHIC INFORMATION
650 ## - SUBJECT ADDED ENTRY--TOPICAL TERM
Topical term or geographic name entry element QUEBEC
650 ## - SUBJECT ADDED ENTRY--TOPICAL TERM
Topical term or geographic name entry element INTERNATIONAL
690 ## - LOCAL SUBJECT ADDED ENTRY--TOPICAL TERM (OCLC, RLIN)
Topical term or geographic name as entry element PROPERTY
856 40 - ELECTRONIC LOCATION AND ACCESS
Uniform Resource Identifier <a href="https://www.pggq.gouv.qc.ca">https://www.pggq.gouv.qc.ca</a>
Public note View the website free of charge at www.pggq.gouv.qc.ca...
942 ## - ADDED ENTRY ELEMENTS (KOHA)
Suppress in OPAC 0
Holdings
Withdrawn status Lost status Source of classification or shelving scheme Damaged status Not for loan Home library Current library Shelving location Date acquired Total Checkouts Full call number Barcode Date last seen Copy number Price effective from Koha item type
    Dewey Decimal Classification     Virtual Virtual Online 15/08/2001   WEB SITE 114132-2001 06/08/2019 1 06/08/2019 Online material